| 000 | 00415nam a22001457a 4500 | ||
|---|---|---|---|
| 003 | OSt | ||
| 008 | 230309b |||||||| |||| 00| 0 eng d | ||
| 082 | _a327 DRP | ||
| 100 | _aDrishti Publication | ||
| 245 | _aPolitical Science and International Relations(Indian government and Politics-Part-1)Book-III | ||
| 260 |
_aNew Delhi _bDrishti Publication |
||
| 300 | _a135 | ||
| 650 | _aGeneral Books | ||
| 942 |
_2ddc _cREF |
||
| 999 |
_c11859 _d11859 |
||